000 00718nam a2200289Ia 4500
005 20260324111249.0
008 008 260324s9999 xx 000 0 eng d
020 _a9781003488293
037 _aEBOOK
040 _aCRL
040 _beng
040 _cCRL
041 _2eng
041 _aeng
084 _qCRL
100 _aAlina J. Felder-Stindt
_91137830
245 4 _aThe Territorial Dimension of EU Knowledge Policies
245 0 _bHigher Education Institutions for Europe
260 _bTaylor and Francis
260 _c2025
365 _a
365 _b230
856 _uhttp://www.taylorfrancis.com/books/9781003488293
942 _cEBOOK
999 _c1726594
_d1726594